000
00299nam a22001337a 4500
008
170620b xxu||||| |||| 00| 0 eng d
020
_a
9780231132374
041
_a
eng
080
_a
32
100
_a
20
101
_a
SHP
245
_a
THE INDIA-CHINA RELATIONSHIP
_c
FRANKEL, F.R
942
_2
udc
_c
BK
999
_c
18294
_d
18294